It looks like you're offline.
Open Library logo
additional options menu

MARC record from Internet Archive

LEADER: 01994cam 2200433Ia 4500
001 ocm48692072
003 OCoLC
005 20220815011237.0
008 020104r200018uuii d 000 0 per d
040 $aAFU$beng$cAFU$dOCLCQ$dBOS$dCUY$dOCLCQ$dBAKER$dNLGGC$dYDXCP$dOCLCG$dMNJ$dOCLCO$dOCLCF$dOCLCQ$dOCLCA$dOCLCO$dOCLCA$dOCLCO
020 $a8121507111
020 $a9788121507110
035 $a(OCoLC)48692072
050 4 $aPK6379$b.S7 2000
082 4 $a491.55
084 $a18.66$2bcl
084 $a18.04$2bcl
100 1 $aSteingass, F.$q(Francis),$d1825-1903.
245 12 $aA comprehensive Persian-English dictionary :$bincluding the Arabic words and phrases to be met with in Persian literature : being Johnson and Richardson's Persian, Arabic, and English dictionary /$crevised, enlarged, and entirely reconstructed [by] F. Steingass.
260 $aNew Delhi :$bMunshiram Manoharlal Publishers,$c2000.
300 $aviii, 1539 pages ;$c25 cm
336 $atext$btxt$2rdacontent
337 $aunmediated$bn$2rdamedia
338 $avolume$bnc$2rdacarrier
500 $a"A revised edition of Johnson's enlargement of Wilkins-Richardson's Persian, Arabic, and English dictionary."--Preface.
500 $aPreviously published: London : Sampson Low, Marston & Co., [18--?].
650 0 $aPersian language$vDictionaries$xEnglish.
650 7 $aPersian language.$2fast$0(OCoLC)fst01058466
650 17 $aPerzisch.$2gtt
650 17 $aEngels.$2gtt
655 7 $aDictionaries.$2fast$0(OCoLC)fst01423826
700 1 $aWilkins, Charles,$dapproximately 1749-1836.
700 1 $aRichardson, John,$d1740 or 1741-1795.$tDictionary, Persian, Arabic, and English.
700 1 $aJohnson, Francis,$d1796?-1876.$tDictionary, Persian, Arabic, and English.
938 $aBaker & Taylor$bBKTY$c135.00$d139.95$i8121507111$n0003074371$sactive
938 $aYBP Library Services$bYANK$n100447074
029 1 $aNZ1$b4907256
994 $aZ0$bIME
948 $hNO HOLDINGS IN IME - 29 OTHER HOLDINGS